La Comarca com a ens territorial / Massimo Severo Giannini ... [et al.]
Publicado:
Barcelona :
Generalitat de Catalunya, Departament de Governació, Escola d'Administració Pública de Catalunya ,
1984
Descripción Física:
130 p. ; 23 cm
Colección:
Col·lecció materials ; 5
Otros Autores:
Severo Giannini, Massimo
MARC
| LEADER | 00000nam a2200000Ia 4500 | ||
|---|---|---|---|
| 001 | 1555 | ||
| 008 | 160829s1984 xx 000 0 cat d | ||
| 080 | |a M-2-96 | ||
| 245 | |a La Comarca com a ens territorial / Massimo Severo Giannini ... [et al.] | ||
| 260 | |a Barcelona : |b Generalitat de Catalunya, Departament de Governació, Escola d'Administració Pública de Catalunya, |c 1984 | ||
| 300 | |a 130 p. ; |c 23 cm | ||
| 490 | |a Col·lecció materials ; 5 | ||
| 590 | |a Recull de les conferències del cicle 'La Comarca com a Ens territorial'. | ||
| 590 | |a Textos en català i castellà. | ||
| 650 | |a Divisions administratives i polítiques |x Congressos |9 26775 | ||
| 700 | |a Severo Giannini, Massimo |9 26776 | ||
| 710 | |a Escola d'Administració Pública de Catalunya |9 15494 | ||
| 710 | |a Catalunya. |b Departament de Governació |9 16938 | ||
| 901 | |a Arxiu | ||
| 942 | |n 1 | ||
| 952 | |0 0 |1 0 |4 0 |6 M296 |7 1 |9 44136 |a Arxiu |b Arxiu |d 2016-12-01 |l 0 |o M-2-96 |p 1555 |r 2016-12-01 00:00:00 |w 2016-12-01 |y ARXIU | ||
| 999 | |c 46716 |d 46716 | ||